| 000 | 00594nam a2200205Ia 4500 | ||
|---|---|---|---|
| 001 | 16060 | ||
| 003 | GE_BSU | ||
| 008 | 181216s||||||||xx |||||||||||||| ||und|| | ||
| 040 | _cGE_BSU | ||
| 080 | _a821.353.1-1 | ||
| 100 | _aჯაბუშანური, გ. | ||
| 245 | _aლირიკა | ||
| 245 | _cრედ.ა.შენგელია. მხატვ. ირ.ჯანაშვილი | ||
| 260 | _aთბილისი | ||
| 260 | _bსაბჭ. მწერალი | ||
| 260 | _c1956 | ||
| 300 | _a92გვ. ; 20სმ | ||
| 653 | _aლირიკა | ||
| 942 | _cBK | ||
| 999 |
_c49150 _d49150 |
||